Účtovanie humanitárnej pomoci odídencom z Ukrainy

Príklady účtovania humanitárnej pomoci podľa opatrenia Ministerstva financií SR z 8. augusta 2007 č. MF/16786/2007-31, ktorým sa ustanovujú podrobnosti o postupoch účtovania a rámcovej účtovej osnove pre rozpočtové organizácie, príspevkové organizácie, štátne fondy, obce a vyššie územné celky v znen...

Ausführliche Beschreibung

Gespeichert in:
Bibliographische Detailangaben
1. Verfasser: Urbanová, Terézia
Format: Buchkapitel
Sprache:Slowakisch
Schlagworte:
Tags: Tag hinzufügen
Keine Tags, Fügen Sie das erste Tag hinzu!

MARC

LEADER 00000naa a2200000 4500
001 0283273
005 20240417075202.2
041 0 |a slo 
044 |a SK 
245 1 0 |a Účtovanie humanitárnej pomoci odídencom z Ukrainy  |c Terézia Urbanová 
520 |a Príklady účtovania humanitárnej pomoci podľa opatrenia Ministerstva financií SR z 8. augusta 2007 č. MF/16786/2007-31, ktorým sa ustanovujú podrobnosti o postupoch účtovania a rámcovej účtovej osnove pre rozpočtové organizácie, príspevkové organizácie, štátne fondy, obce a vyššie územné celky v znení neskorších prepisov. 
610 2 0 |a účtovanie 
610 2 0 |a účtovníctvo 
610 2 0 |a účtovníci 
610 2 0 |a pomoc humanitárna 
610 2 0 |a Ukrajina 
610 2 0 |a zákony 
610 2 0 |a parlamenty 
610 2 0 |a opatrenia 
100 1 |a Urbanová, Terézia